000 00596nam a22002177a 4500
003 UA-OsUOA
001 81856
007 ta
008 20120209b un ||||| |||| 00| 0 ukr d
100 _aВасильева О.
090 _a330
_bВ19
942 _cSA
040 _aUA-OsUOA
_brus
_cUA-OsUOA
_dUA-OsUOA
245 _aНакопление человеческого капитала и изобилие природных ресурсов
300 _aС.66-78
955 _a0
041 _arus
080 _a330
773 0 _w81851
650 7 _a330 Економіка взагалі
_2UDC
999 _c368169
_d368169